| 000 | 00507nam a2200133Ia 4500 | ||
|---|---|---|---|
| 008 | 171212s9999 xx 000 0 und d | ||
| 020 | _a9780874216035 | ||
| 100 | _aWebb, Roy | ||
| 245 |
_cWebb, Roy _aHigh Wide And Handsome _bThe River Journals of Norman D. Nevills |
||
| 260 |
_bUniversity Press of Colorado _c2005 |
||
| 650 | _aBiological Sciences | ||
| 650 | _aWhite-water canoeing -- West (U.S.); Rivers -- West (U.S.); Nevills, Norman D. -- Diaries | ||
| 856 | _uwww.jstor.org/stable/10.2307/j.ctt46nxft | ||
| 999 |
_c353084 _d353084 |
||